000
00290nam a22001337a 4500
008
170529b xxu||||| |||| 00| 0 eng d
020
_a
9780130081834
041
_a
eng
080
_2
12TH
_a
621
100
_a
27
101
_a
IM
245
_a
TECHNICAL DRAWING
_c
GIESECKE
942
_2
udc
_c
BK
999
_c
14801
_d
14801